Pokémon by First Appearance of Letters - Statistics

General Stats
  • This quiz has been taken 148 times
    97 since last reset
  • The average score is 16 of 26
Answer Stats
Letter Pokémon % Correct
B Bulbasaur
98%
C Charmander
98%
I Ivysaur
92%
A Bulbasaur
80%
D Charmander
77%
L Bulbasaur
73%
E Venusaur
72%
R Bulbasaur
68%
M Charmander
67%
N Venusaur
65%
S Bulbasaur
63%
H Charmander
63%
W Wartortle
62%
O Charmeleon
60%
K Kakuna
58%
F Butterfree
57%
Q Squirtle
57%
T Squirtle
57%
U Bulbasaur
55%
V Ivysaur
55%
G Pidgey
48%
P Caterpie
47%
Y Ivysaur
45%
J Jigglypuff
35%
Z Charizard
32%
X Vulpix
20%
No matching quizzes found
Score Distribution
Percent of People with Each Score
Percentile by Number Answered
Your Score History
You have not taken this quiz since the last reset